| 000 -LEADER |
| fixed length control field |
00848nam a22002297a 4500 |
| 003 - CONTROL NUMBER IDENTIFIER |
| control field |
OSt |
| 005 - DATE AND TIME OF LATEST TRANSACTION |
| control field |
20180704094933.0 |
| 008 - FIXED-LENGTH DATA ELEMENTS--GENERAL INFORMATION |
| fixed length control field |
180305b xxu||||| |||| 00| 0 spa d |
| 020 ## - INTERNATIONAL STANDARD BOOK NUMBER |
| International Standard Book Number |
9502000536 |
| 040 ## - CATALOGING SOURCE |
| Transcribing agency |
PJ |
| 100 ## - ASIENTO PRINCIPAL - NOMBRE DE PERSONA |
| 9 (RLIN) |
1312 |
| Personal name |
Borzi Alba, María Angélica Teresa |
| 245 10 - MENCIÓN DE TÍTULO |
| Título propiamente dicho |
Inmunidades y privilegios de los funcionarios diplomáticos / |
| Mención de responsabilidad, etc |
María Angélica Teresa Borzi Alba. |
| 250 ## - EDITION STATEMENT |
| Edition statement |
2a. ed. |
| 260 ## - PUBLICATION, DISTRIBUTION, ETC. (IMPRINT) |
| Place of publication, distribution, etc |
Buenos Aires : |
| Name of publisher, distributor, etc |
Abeledo-Perrot, |
| Date of publication, distribution, etc |
1982. |
| 300 ## - DESCRIPCION FISICA |
| Extent |
162 p. |
| Dimensions |
23 cm. |
| 504 ## - NOTA DE BIBLIOGRAFÍA, ETC. |
| Bibliography, etc |
Bibliografía: p. 159-160. |
| 505 ## - FORMATTED CONTENTS NOTE |
| Formatted contents note |
Contenido:<br/>Las inmunidades y los privilegios diplomáticos en la antigüedad greco latina y en la edad media -- |
| 650 #0 - ASIENTO SECUNDARIO DE MATERIA - TERMINO TEMATICO |
| 9 (RLIN) |
331 |
| Topical term or geographic name as entry element |
DERECHO INTERNACIONAL PUBLICO |
| 650 #0 - ASIENTO SECUNDARIO DE MATERIA - TERMINO TEMATICO |
| 9 (RLIN) |
500 |
| Topical term or geographic name as entry element |
RELACIONES DIPLOMÁTICAS |
| 650 #0 - ASIENTO SECUNDARIO DE MATERIA - TERMINO TEMATICO |
| 9 (RLIN) |
1313 |
| Topical term or geographic name as entry element |
INMUNIDADES DIPLOMATICAS |
| 942 ## - ADDED ENTRY ELEMENTS (KOHA) |
| Source of classification or shelving scheme |
|
| Koha item type |
Libros |
| Classification part |
341.73 |
| Item part |
BOR |